| 000 | 00471nam a2200193Ia 4500 | ||
|---|---|---|---|
| 005 | 20240913125129.0 | ||
| 008 | 240913s9999||||xx |||||||||||||| ||und|| | ||
| 041 | _aENGLISH | ||
| 082 | _A003.3 N1 | ||
| 100 | _aLaw,Averill M | ||
| 245 | 0 | _aSimulation Modeling and Analysis | |
| 250 | _a2nd | ||
| 260 |
_c1991 _bMGH,New York |
||
| 500 | _aREFERENCE | ||
| 650 |
_aSimulation _bInformation Technology |
||
| 700 | _a Kelton,David W | ||
| 942 | _cREF | ||
| 999 |
_c244857 _d244857 |
||